00534nam a2200157 i 450000100060000000300090000600500170001500700030003200800410003510000190007624501510009526000530024630000330029970000230033285200210035556481ES-MaACL20230906163359.0t|031009s1914 fr ||||1| fre d1 aDick, Steward.14aLes arts & mètiers de l'ancien Japon / cpar Steward Dick ; revu et adapte de l'anglais et prècèdè d'une prèface par Raphaël Petrucci. aBruxelles ; aParis : bVromant et Cie., c1914. a183 p., 80 lám. ; c20 cm.1 aPetrucci, Raphael. aES-MaACLjG-6328